Dates d'histoires - Statistiques

Statistiques générales
  • Ce quiz a été pris 8 010 fois
  • Le résultat moyen est 21 sur 45
Statistiques - réponses
Questions Dates % Correct
Début de la seconde guerre mondiale. 1939
75%
Chute du mur de Berlin. 1989
75%
Début de la première guerre mondiale. 1914
73%
Prise de la Bastille. 1789
72%
Hiroshima. 1945
72%
Armistice. Victoire des Alliés de la première guerre mondiale. 1918
71%
Election d’Hitler comme chancelier en Allemagne. 1933
71%
Découverte de l'Amérique. 1492
70%
Capitulation allemande de la seconde guerre mondiale. 1945
70%
Débarquement de Normandie. 1944
69%
Bataille de Verdun. 1916
68%
Entrée en guerre des Etats-Unis lors de la première guerre mondiale. 1917
68%
Appel du Général de Gaulle à Londres. 1940
68%
Attaque japonaise de Pearl Harbor. 1941
66%
Chute de l’URSS et fin de la Guerre Froide. 1991
66%
Déclaration des droits de l’homme. 1789
62%
Sacre de Napoléon et début de l’Empire. 1804
55%
Application du traité de Maastricht avec l’adoption de la monnaie unique, l’Euro. 2002
55%
Sacre de l’empereur Charlemagne. 800
55%
Traité de Maastricht. 1992
50%
Bataille de Marignan. 1515
49%
Guerre coloniale en Algérie. 1954
46%
4 juillet, déclaration d’indépendance des Etats-Unis. 1776
43%
Victoire romaine à Alésia. -52
42%
Exposition universelle de Paris avec la Tour Eiffel. 1889
41%
Fondation de l’URSS. 1922
41%
Mort de Louis XIV. 1715
39%
Traité de Rome qui crée la Communauté économique européenne (CEE). 1957
37%
Chute de l'empire romain d'occident. 476
37%
Fin de l'Antiquité. 476
36%
Affaire Dreyfus. 1898
35%
Naissance de l'écriture. -3000
32%
Fin de l'empire byzantin. 1453
30%
Louis XIV devient roi à quatre ans. 1643
26%
Baptême de Clovis. 496
25%
La Bible est le premier livre imprimé par Gutenberg. 1455
21%
Fondation de Rome. -753
20%
Mort de Mahomet. 632
19%
Pasteur découvre le vaccin contre la rage. 1885
18%
Début de la peste noire. 1347
17%
Pépin le Bref devient roi des Francs. 751
17%
Fin du tour de monde de Magellan. 1522
15%
Arrivé de Jacques Cartier dans l’embouchure du Saint-Laurent. 1534
15%
Naissance de l'agriculture. -8000
15%
Premiers Jeux Olympiques. -776
12%
Aucun quiz correspondant
Distribution des résultats
% des personnes avec chaque résultat
Percentile par nombre de réponses
Votre historique - résultats
Vous n’avez pas pris ce quiz